Normal view
MARC view
- جوخدار ، حسن
Entry Personal Name
001 - CONTROL NUMBER
- control field: 26774
003 - CONTROL NUMBER IDENTIFIER
- control field: JO-AjAnu
005 - DATE AND TIME OF LATEST TRANSACTION
- control field: 20230606074546.0
008 - FIXED-LENGTH DATA ELEMENTS
- fixed length control field: 230606|| aca||aabn | a|a d
040 ## - CATALOGING SOURCE
- Original cataloging agency: JO-AjAnu
- Transcribing agency: JO-AjAnu
100 ## - HEADING--PERSONAL NAME
- Personal name: جوخدار ، حسن
670 ## - SOURCE DATA FOUND
- Source citation: Work cat.: (JO-AjAnu)13753: جوخدار ، حسن , author, شرح قانون أصول المحاكمات الجزائية الأردني " دراسة مقارنة " 3 /4